| 000 | 004250000a22001810004500 | ||
|---|---|---|---|
| 003 | MACL | ||
| 005 | 20160129151257.0 | ||
| 008 | 160129b xxu||||| |||| 00| 0 eng d | ||
| 040 |
_aMACL _cMACL |
||
| 041 | _aEnglish | ||
| 082 | _a823/STE | ||
| 100 |
_aVakil, Ardashir _935471 |
||
| 245 | _aBeach Boy | ||
| 260 |
_bPenguin Books _c1997 _aNew Delhi |
||
| 350 | _a200 | ||
| 650 |
_aFiction _935472 |
||
| 942 |
_cBK _k823/VAK _2ddc |
||
| 999 |
_c31017 _d31017 |
||